Konjunkturálne tendencie v hospodárstve Rumunska Príloha Hospodárskych novín
Niektoré aspekty ekonomického vývoja Rumunska. Súčasné možnosti rastového potenciálu rumunského hospodárstva. Monitor hospodárskeho vývoja. Vývoj účasti zahraničných investorov, devízových rezerv a diskontnej sadzby národnej banky.
Enregistré dans:
| Format: | Chapitre de livre |
|---|---|
| Langue: | slovaque |
| Sujets: | |
| Tags: |
Pas de tags, Soyez le premier à ajouter un tag!
|
MARC
| LEADER | 00000naa a2200000 4500 | ||
|---|---|---|---|
| 001 | r021834 | ||
| 005 | 20230801110152.0 | ||
| 041 | 0 | |a slo | |
| 044 | |a SK | ||
| 245 | 1 | 0 | |a Konjunkturálne tendencie v hospodárstve Rumunska |b Príloha Hospodárskych novín |
| 520 | |a Niektoré aspekty ekonomického vývoja Rumunska. Súčasné možnosti rastového potenciálu rumunského hospodárstva. Monitor hospodárskeho vývoja. Vývoj účasti zahraničných investorov, devízových rezerv a diskontnej sadzby národnej banky. | ||
| 610 | 2 | 0 | |a Rumunsko |
| 610 | 2 | 0 | |a 1990-1996 |
| 610 | 2 | 0 | |a situácia hospodárska |
| 610 | 2 | 0 | |a vývoj hospodársky |
| 610 | 2 | 0 | |a ukazovatele ekonomické |
| 610 | 2 | 0 | |a investície zahraničné |